| 000 | 01059cam a22003377a 4500 | ||
|---|---|---|---|
| 999 |
_c49 _d49 |
||
| 001 | 16978958 | ||
| 003 | OSt | ||
| 005 | 20190724135622.0 | ||
| 008 | 110927s2010 onc j 000 1 eng | ||
| 010 | _a 2011488429 | ||
| 020 | _a9781894917995 (pbk.) | ||
| 035 | _a(OCoLC)ocn456174825 | ||
| 040 |
_aNLC _beng _cNLC _dBTCTA _dCDX _dSTF _dBKX _dDLC |
||
| 042 | _alccopycat | ||
| 043 | _aa-ii--- | ||
| 082 | 0 | 4 | _aFIC GIL |
| 100 | 1 |
_aGill, Nav K., _d1983- |
|
| 245 | 1 | 0 |
_aUnder the moonlit sky / _cNav K. Gill. |
| 260 |
_aToronto : _bNapoleon Pub., _cc2010. |
||
| 300 |
_a345 p. ; _c19 cm. |
||
| 650 | 0 |
_aYoung women _vJuvenile fiction. |
|
| 650 | 0 |
_aIdentity (Psychology) _vJuvenile fiction. |
|
| 650 | 0 |
_aFathers and daughters _vJuvenile fiction. |
|
| 650 | 1 |
_aIdentity _vFiction. |
|
| 650 | 1 |
_aFathers and daughters _vFiction. |
|
| 651 | 0 |
_aDelhi (India) _vJuvenile fiction. |
|
| 651 | 1 |
_aDelhi (India) _vFiction. |
|
| 906 |
_a7 _bcbc _ccopycat _d3 _encip _f20 _gy-gencatlg |
||
| 942 |
_2ddc _cFIC |
||